000
00328nam a2200133Ia 4500
008
191201s1969 xx 000 0 und d
100
_a
STEPHENSON, Reginld J
245
0
_a
Mechanics and Properties of Matter
250
_a
3rd
260
_a
N.Delhi
_b
John Wiley
_c
1969
300
_a
375
650
_a
B.Tech(ME)
942
_2
ddc
_c
BK
999
_c
2480
_d
2480